|
|
|
|
| LEADER |
00000nam0a2200000 4500 |
| 001 |
85769 |
| 005 |
20231101213434.0 |
| 010 |
|
|
|a 5090043795
|
| 020 |
|
|
|a RU
|b 93-4779
|
| 035 |
|
|
|a (RuTPU)RU\TPU\book\92145
|
| 090 |
|
|
|a 85769
|
| 100 |
|
|
|a 20051117d1992 e y0rusy5003 ca
|
| 101 |
1 |
|
|a rus
|c eng
|
| 102 |
|
|
|a RU
|
| 105 |
|
|
|a a z 000ay
|
| 200 |
1 |
|
|a Дафнис и Хлоя
|f Лонг
|g пер. С. П. Кондратьев; коммент. к сб. в целом: М. Грабарь-Пассек; худож. С. А. Соколов
|
| 210 |
|
|
|a Москва
|c Просвещение
|d 1992
|
| 215 |
|
|
|a 254,[2] с.
|c ил.
|d 22 см
|
| 225 |
1 |
|
|a Школьная библиотека
|
| 423 |
|
|
|t Роман о Тристане и Изольде
|f пер. Ю. Стефанов; коммент. А. Михайлов
|
| 423 |
|
|
|t Ромео и Джульетта
|o [Трагедия : Для ст. шк. возраста]
|f В. Шекспир
|g пер. Б. Л. Пастернак; коммент. М. Морозов
|a Шекспир, Уильям (Вильям)
|
| 675 |
|
|
|a 875
|z rus
|
| 700 |
|
1 |
|a Лонг
|4 070
|
| 702 |
|
1 |
|a Кондратьев
|b С. П.
|g Сергей Петрович
|4 730
|
| 702 |
|
1 |
|a Грабарь-Пассек
|b М.
|4 220
|
| 702 |
|
1 |
|a Соколов
|b С. А.
|4 440
|
| 702 |
|
1 |
|a Пастернак
|b Б. Л.
|c русский писатель
|c поэт
|f 1890-1960
|g Борис Леонидович
|2 stltpush
|3 (RuTPU)RU\TPU\pers\456
|9 223
|
| 801 |
|
0 |
|a RU
|b RuMRKP
|c 19950413
|g psbo
|
| 801 |
|
1 |
|a RU
|b 63413507
|c 20051117
|g PSBO
|
| 801 |
|
2 |
|a RU
|b 63413507
|c 20150115
|g PSBO
|
| 942 |
|
|
|c BK
|